00553 2200169 4500001002100000005001500021035002000036245008700056100004300143250001200186300003900198260003800237082001100275084001700286020001800303600006200321INLIS00000000000015320240430090002 a0010-04240001301 aApllied NANDA, NOC, NIC :bpada praktek klinik keperawatan kebutuhan dasar manusia0 aNurmah Rachman, S.Kep., NS., M.Med, Ed aPertama a190 hal :btidak berwarna ;c24 cm aYogyakarta :bTrans Medika,c2016 a610.73 a610.73 NUR a a9786026006585 4aKesehatan, pendidikan, kedokteran, keperawatan, kebidanan